| 000 | 00444nam a22001217a 4500 | ||
|---|---|---|---|
| 008 | 230629b xxu||||| |||| 00| 0 eng d | ||
| 082 |
_a334 _bAND |
||
| 100 | _cParis Andreou | ||
| 245 |
_aCooperative Institutions and Economic Development in Developed and Developing Nations _bSome lessons from Advanced and developing Countries |
||
| 260 |
_aNairobi, Kampala, Daersalaam _bEast African Literature Bureau _c1977 |
||
| 300 | _a541p | ||
| 942 |
_2ddc _cBK |
||
| 999 |
_c2948 _d2948 |
||